• 首页
  • 本馆介绍
  • 公告通知
  • 最新文献
  • 馆藏检索
  • 电子资源
  • 读者导购
  • 参考咨询
  • 我的图书馆
  • 登录
  • 详细信息显示
  • 放入我的书架
  • 预约/预借图书
  • 作者相关作品
  • 分类相关作品
  • 丛书相关作品
  • 出版社相关作品

书目信息

  • 表格格式
  • 工作单格式
  • 卡片格式
题名:
《标点符号用法》解说
    
 
作者: 《标点符号用法》修订组编
分册:  
出版信息: 北京   语文出版社  1990.3
页数: 92页
开本: 19厘米
丛书名:
单 册:
中图分类: H155
科图分类:
主题词: 标点符号--应用
电子资源:
ISBN: 7-80026-280-5
000 00741nam0 2200217 45
001 0190004132
005 20061031091200.81
010    @a7-80026-280-5@dCNY1.40
100    @a19921105d1990 em y0chiy0121 ea
101 0  @achi
102    @aCN@b110000
105    @ay z 000yy
200 12 @a《标点符号用法》解说@A《 BIAO DIAN FU HAO YONG FA 》 JIE SHUO@f《标点符号用法》修订组编@F《 BIAO DIAN FU HAO YONG FA 》 XIU DING ZU BIAN
210    @a北京@c语文出版社@d1990.3
215    @a92页@d19厘米
330    @a本书是对《标点符号用法》1990年颁发本的解释、说明。
540 1  @a标点 符号 用法 解说@ABIAO DIAN FU HAO YONG FA JIE SHUO
606    @a标点符号@x应用
690    @aH155@v三版
801  0 @aCN@bTSSF@c20061031
905    @a10447@dH155@e226
    
    《标点符号用法》解说/《标点符号用法》修订组编.-北京:语文出版社,1990.3
    92页;19厘米
    
    
    ISBN 7-80026-280-5:CNY1.40
    本书是对《标点符号用法》1990年颁发本的解释、说明。
●
相关链接 在E读中查询图书 在五车中查询图书 在当当中查询图书 在豆瓣中查询图书


正题名:《标点符号用法》解说     索取号:H155/226         预约/预借

序号 登录号 条形码 馆藏地/架位号 状态 备注
1 0260243   000849425   第二样本阅览室/ [索取号:H155/226] 在馆    
唐山师范学院图书馆 欢迎您!
大连网信软件有限公司© 版权所有